| 000 | 00725nam a2200277Ia 4500 | ||
|---|---|---|---|
| 005 | 20260429112136.0 | ||
| 008 | 260429s9999||||xx |||||||||||||| ||und|| | ||
| 020 | _a9781394235933 | ||
| 041 | _aEnglish | ||
| 082 |
_a657.9042 _bPIC |
||
| 100 | _aPicker, Ruth | ||
| 245 | 0 |
_aApplying IFRS standards / _cRuth Picker |
|
| 250 | _a5th ed. | ||
| 260 |
_aNew Jersey : _bWiley, _c2025. |
||
| 300 | _axvii, 678 p.; pbk | ||
| 650 | _a Financial statement | ||
| 650 | _a IASB framework | ||
| 650 | _aIFRS standards | ||
| 700 | _a :Loftus, Janice | ||
| 700 | _a Kolitz, David | ||
| 700 | _a Koning, Miriam | ||
| 700 | _a Livine, Gilad | ||
| 700 | _a Service, Cathrynne | ||
| 700 | _a Van Der Tas, Leo | ||
| 942 | _cTB | ||
| 999 |
_c52563 _d52563 |
||